Metody stanovení cizorodých látek v potravinách : laboratorní příručka /

Hlavní autor: Kocourek, Vladimír, 1952-
Jazyk: Slovenština
Čeština
Vydáno: Praha : Bratislava : Výzkumný ústav potravinářského průmyslu - Středisko techn. inf. potrav. průmyslu ;Výskumný ústav potravinársky, 1989-1992
Vydání: 1. vyd.
Témata:
Fyzický popis: 3 sv, : il. ; 21 cm
Language note: Část. slovenský text
Knihy
Uloženo v:
LEADER 01575nam a22003732a 4500
001 000348928
003 CZ BrMZK
005 20120821211249.0
007 ta
008 980105m19891992xr a f cze d
020 |a 80-85120-00-3  |q (Díl 1. ; brož.) 
020 |a 80-85120-11-9  |q (Díl 2. ; brož.) 
020 |a 80-85120-35-6  |q (Díl 3. ; brož.) 
040 |a BOA001  |b cze 
041 0 |a cze  |a slo 
080 9 |a 663 
080 9 |a 664 
080 9 |a 543.5 
100 1 |a Kocourek, Vladimír,  |d 1952-  |7 xx0139826  |4 aut 
245 1 0 |a Metody stanovení cizorodých látek v potravinách :  |b laboratorní příručka /  |c Vladimír Kocourek a kolektiv 
250 |a 1. vyd. 
260 |a Praha :  |b Výzkumný ústav potravinářského průmyslu - Středisko techn. inf. potrav. průmyslu ;  |a Bratislava :  |b Výskumný ústav potravinársky,  |c 1989-1992 
300 |a 3 sv, :  |b il. ;  |c 21 cm 
504 |a Obsahuje bibliografii a bibliografické odkazy 
505 0 |a Díl 1. 1989. 109 s. -- Díl 2. 1990. 91 s. -- Díl 3. 1992. 119 s. 
546 |a Část. slovenský text 
910 |a BOA001  |b 2-0940.962 
920 |a 000348931 
920 |a 000344723 
964 |a Potraviny - kontaminanty - stanovení - metody 
990 |a BK 
996 7 |b 2619204965  |c 2-0940.962  |d Díl 2.  |v 2  |l MZK  |r Sklad / do 1 hodiny  |n 3  |w 000348928  |u 000020  |a 1  |e BOA001  |j MZK50  |s A 
996 7 |b 2619204966  |c 2-0940.962  |d Díl 1.  |v 1  |l MZK  |r Sklad / do 1 hodiny  |n 5  |w 000348928  |u 000010  |a 1  |e BOA001  |j MZK50  |s A 
996 7 |b 2619810207  |c 2-0940.962  |d Díl 3.  |v 3  |l MZK  |r Sklad / do 1 hodiny  |n 6  |w 000348928  |u 000030  |a 1  |e BOA001  |j MZK50  |s A